00481 a2200169 450000100060000002000150000604000220002110000170004324000390006024500340009930000080013336200090014165000230015094200070017395201140018099900170029467856 a8530806956 cAnchieta - Pituba aSantos, Sony10aSete universos nada paraleloslpor10aSete universos nada paralelos a1440 a2002 4aLiteratura juvenil cBK 00104070a91.1b91.1d2023-11-21l0oLJ 028.5 S237s SAN SETp22883/PITr2023-11-21 18:35:49w2023-11-21yBK c67856d67856